书目信息 |
| 题名: |
高性能酚醛树脂及其应用技术
|
|
| 作者: | 唐路林 , 李乃宁 , 吴培熙 编著 | |
| 分册: | ||
| 出版信息: | 北京 化学工业出版社 2008.01 |
|
| 页数: | 518页 | |
| 开本: | 21cm | |
| 丛书名: | ||
| 单 册: | ||
| 中图分类: | TQ323.1 | |
| 科图分类: | ||
| 主题词: | 酚醛树脂--fen quan shu zhi | |
| 电子资源: | ||
| ISBN: | 978-7-122-01238-8 | |
| 000 | 01103nam0 2200253 450 | |
| 001 | 012008590157 | |
| 005 | 20080513165700.29 | |
| 010 | @a978-7-122-01238-8@dCNY38.00 | |
| 100 | @a20080512d2008 em y0chiy0120 ea | |
| 101 | 0 | @achi |
| 102 | @aCN@b110000 | |
| 105 | @aak z 000yy | |
| 106 | @ar | |
| 200 | 1 | @a高性能酚醛树脂及其应用技术@Agao xing neng fen quan shu zhi ji qi ying yong ji shu@f唐路林, 李乃宁, 吴培熙编著@Ftang lu lin,li nai ning,wu pei xi bian zhu |
| 210 | @a北京@c化学工业出版社@d2008.01 | |
| 215 | @a518页@c图@d21cm | |
| 330 | @a本书在简述酚醛树脂的化学反应机理和通用酚醛树脂生产技术的基础上,重点论述了近年来高性能酚醛树脂的发展、生产原理和工艺以及高性能酚醛树脂的最重要、最新应用技术:即在复合材料、造型材料、摩擦材料、磨具磨削材料、耐火材料、炭化功能性材料、隔热隔音泡沫材料及电子封装材料等领域应用的原理和应用新技术。 | |
| 606 | 0 | @a酚醛树脂@Afen quan shu zhi |
| 690 | @aTQ323.1@v4 | |
| 701 | 0 | @a唐路林@Atang lu lin@4编著 |
| 701 | 0 | @a李乃宁@Ali nai ning@4编著 |
| 701 | 0 | @a吴培熙@Awu pei xi@4编著 |
| 801 | 0 | @aCN@bQSSK@c20080513 |
| 905 | @b711252-53@dTQ323.1@eT243@f3 | |
| 高性能酚醛树脂及其应用技术/唐路林, 李乃宁, 吴培熙编著.-北京:化学工业出版社,2008.01 |
| 518页:图;21cm |
| ISBN 978-7-122-01238-8:CNY38.00 |
| 本书在简述酚醛树脂的化学反应机理和通用酚醛树脂生产技术的基础上,重点论述了近年来高性能酚醛树脂的发展、生产原理和工艺以及高性能酚醛树脂的最重要、最新应用技术:即在复合材料、造型材料、摩擦材料、磨具磨削材料、耐火材料、炭化功能性材料、隔热隔音泡沫材料及电子封装材料等领域应用的原理和应用新技术。 |
| ● |
| 相关链接 |
|
|
|
正题名:高性能酚醛树脂及其应用技术
索取号:TQ323.1/T243
 
预约/预借
| 序号 | 登录号 | 条形码 | 馆藏地/架位号 | 状态 | 备注 |
| 1 | 711252 | 207112523 | 期刊室512/501自科库 140排9列2层/ [索取号:TQ323.1/T243] | 在馆 | |
| 2 | 711253 | 207112532 | 自科库501/501自科库 140排9列2层/ [索取号:TQ323.1/T243] | 在馆 |